Οι ανάγκες του παιδιού για κοινωνικές και ιατρικές υπηρεσίες στην Ελλάδα : συμπεράσματα και προτάσεις ομάδων εργασίας
Αποθηκεύτηκε σε:
| Συγγραφή απο Οργανισμό/Αρχή: | |
|---|---|
| Μορφή: | Βιβλίο |
| Γλώσσα: | Greek |
| Δημοσίευση: |
Αθήνα :
Ινστιτούτο Υγείας του Παιδιού,
1985
|
| Θέματα: | |
| Ετικέτες: |
Προσθήκη ετικέτας
Δεν υπάρχουν, Καταχωρήστε ετικέτα πρώτοι!
|
MARC
| LEADER | 00000nam a2200000 i 4500 | ||
|---|---|---|---|
| 001 | 1/8746 | ||
| 008 | 000724s1985 gre d | ||
| 035 | |l 10062797 | ||
| 040 | |a GR-MY-UA |b gre |e aacr | ||
| 041 | 0 | |a gre | |
| 082 | 0 | |a 362.7495 | |
| 110 | 2 | |a Ινστιτούτο Υγείας του Παιδιού. | |
| 245 | 1 | 3 | |a Οι ανάγκες του παιδιού για κοινωνικές και ιατρικές υπηρεσίες στην Ελλάδα : |b συμπεράσματα και προτάσεις ομάδων εργασίας / |c Ινστιτούτο Υγείας του Παιδιού |
| 260 | |a Αθήνα : |b Ινστιτούτο Υγείας του Παιδιού, |c 1985 | ||
| 300 | |a 112 σ.; |b πίν.; |c 24 εκ. | ||
| 650 | 0 | 0 | |a Child care |x Research |z Greece. |
| 650 | 0 | 0 | |a Child care services |z Greece. |
| 852 | |a INST |b RHODES |e 20000724 |h 362.7495 ΙΝΣ |p 005400010179 |q 005400010179 |t BK |y 0 | ||
| 909 | |a Ρ |b 007027 | ||
| 922 | |a 4ΔΩΡ |b 198706 | ||
| 970 | |z 2000/07/ΔΕΜΕΝΑΓΑΣ | ||